000 00340pam a2200157a 44500
008 230515b1990 xxu||||| |||| 00| 0 eng d
020 _aNULL
041 _aENGL
082 _a621.3815 /SEN
100 _aSEN.P.C.
245 _aPOWER ELECTRONIC
250 _aN.D.
260 _aNULL
_bT.M.H
_c1990
300 _a1029 HB
650 _aNULL
999 _c622355
_d622355